Statistics for Classical Composers #1

Click here to take the quiz!

General Stats

  • This quiz has been taken 52 times
  • The average score is 10 of 15

Answer Stats

HintAnswer% Correct
The NutcrackerPyotr Ilyich Tchaikovsky
100%
The Four SeasonsAntonio Vivaldi
96%
Symphony No. 5Ludwig van Beethoven
93%
Clair de LuneClaude Debussy
85%
Fantaisie Impromptu Op. 66Frédéric Chopin
80%
Hungarian Dance No. 5Johannes Brahms
78%
Flight of the Bumble-BeeNikolai Rimsky-Korsakov
78%
Carnival of the AnimalsCamille Saint-Saëns
76%
Carmen HabaneraGeorges Bizet
74%
Concerto for Two ViolinsJohann Sebastian Bach
67%
24 CapricesNiccolò Paganini
57%
Romeo and JulietSergei Prokofiev
48%
Waltz Suite No. 2Dmitri Shostakovich
46%
ZigeunerweisenPablo de Sarasate
30%
Polonaise de Concerto No. 1 in D MajorHenryk Wieniawski
15%

Score Distribution

Percentile by Number Answered

Percent of People with Each Score

Your Score History

You have not taken this quiz